Novelswaroopam/ (Record no. 182058)

000 -LEADER
fixed length control field 00413nam a22001577a 4500
020 ## - INTERNATIONAL STANDARD BOOK NUMBER
ISBN 9788119911042
082 ## - DEWEY DECIMAL CLASSIFICATION NUMBER
Classification number M300 7
Item number SUR/N
100 ## - MAIN ENTRY--AUTHOR NAME
Personal name Suerndran K
245 ## - TITLE STATEMENT
Title Novelswaroopam/
Statement of responsibility, etc by Suerndran K
260 ## - PUBLICATION, DISTRIBUTION, ETC. (IMPRINT)
Place of publication Kottayam:
Name of publisher Sahithya Pravarthaka Co-operative Society,
Year of publication 2024.
300 ## - PHYSICAL DESCRIPTION
Number of Pages 174p.
650 ## - SUBJECT ADDED ENTRY--TOPICAL TERM
Topical Term Novel Malayalam Study
650 ## - SUBJECT ADDED ENTRY--TOPICAL TERM
Topical Term Literature Malayalam
650 ## - SUBJECT ADDED ENTRY--TOPICAL TERM
Topical Term Literature
942 ## - ADDED ENTRY ELEMENTS (KOHA)
Koha item type Book
Holdings
Withdrawn status Lost status Damaged status Not for loan Permanent Location Current Location Shelving location Date acquired Cost, normal purchase price Full call number Accession Number Price effective from Koha item type
        Sree Sankaracharya University of Sanskrit Sree Sankaracharya University of Sanskrit Stacks 04.06.2026 240.00 M300 7 SUR/N 109141 04.06.2026 Book